| 000 | 00557nam a2200193Ia 4500 | ||
|---|---|---|---|
| 008 | 151121s9999||||xx |||||||||||||| ||und|| | ||
| 082 | _a797।21/जोशी | ||
| 082 | _bHNW-11932 | ||
| 100 | _aजोशी भा।श्री। | ||
| 245 | _aजलतरण | ||
| 260 | _bजोशी भास्कर श्री। | ||
| 260 | _c-- | ||
| 300 | _a64 | ||
| 600 | _aजोशी भा।श्री। | ||
| 630 | _aजलतरण | ||
| 700 | _aजोशी भा।श्री। | ||
| 730 | _aजलतरण | ||
| 942 | _cBOOK | ||
| 999 |
_c1216586 _d1216583 |
||